000
00236nam a22000857a 4500
001
1236298
005
20251001153704.0
245
_a
PAPAĞANIN ANLATTIĞI HİKAYELER
_c
MUSTAFA ÖZÇELİK SERİSİ
260
_b
GÜNIŞIĞI KİTAPLIĞI YAYINLARI
999
_c
1236298
_d
1236298